Noms de pays dans leurs langages - Europe - Statistiques

Statistiques générales
  • Ce quiz a été pris 37 fois
  • Le résultat moyen est 4 sur 20
Statistiques - réponses
Hint Réponse % Correct
Royaume-Uni United Kingdom
100%
Allemagne Deutschland
72%
Malte Malta
28%
Pologne Polska
22%
Pays-Bas Nederland
19%
Finlande Suomi
19%
Estonie Eesti
16%
Croatie Hrvatska
16%
Norvège Norge
13%
Serbie Srbija
13%
Suède Sverige
13%
Hongrie Magyarország
9%
Albanie Shqipëria
9%
Slovaquie Slovensko
9%
Slovénie Slovenja
6%
Bosnie Herzégovine Bosna i Hercegovina
3%
Luxembourg Lëtzebuerg
3%
Grèce Ελληνική
0%
Lettonie Latvija
0%
Lituanie Lietuva
0%
Aucun quiz correspondant
Distribution des résultats
% des personnes avec chaque résultat
Percentile par nombre de réponses
Votre historique - résultats
Vous n’avez pas pris ce quiz